[Event "FIDE World Rapid 2013"]
[Site "Khanty-Mansiysk RUS"]
[Date "2013.06.06"]
[Round "3.1"]
[White "Nepomniachtchi, Ian"]
[Black "Cheparinov, Ivan"]
[Result "1-0"]
[WhiteTitle "GM"]
[BlackTitle "GM"]
[WhiteElo "2717"]
[BlackElo "2678"]
[WhiteFideId "4168119"]
[BlackFideId "2905540"]
[EventDate "2013.06.06"]

1. e4 c5 2. Nf3 d6 3. d4 Nf6 4. Bb5+ Bd7 5. Bxd7+ Qxd7 6. e5 dxe5 7. dxe5 Qxd1+
8. Kxd1 Ng4 9. Ke2 Nc6 10. Bf4 g5 11. Bxg5 Ngxe5 12. Nbd2 Bg7 13. c3 O-O-O 14.
Nxe5 Bxe5 15. Be3 b6 16. a4 Rhg8 17. g3 Bc7 18. Rhd1 Rd7 19. Ne4 f6 20. f4 Rgd8
21. Rxd7 Rxd7 22. g4 Na5 23. Rg1 Nc4 24. Bc1 Nd6 25. Ng3 Kd8 26. h4 Ke8 27. h5
Kf7 28. g5 Rd8 29. Kf3 f5 30. b3 c4 31. bxc4 e6 32. Be3 Nxc4 33. Bd4 Nd2+ 34.
Ke3 Nc4+ 35. Kd3 Na5 36. Ne2 e5 37. fxe5 Bxe5 38. Rf1 Ke6 39. Re1 Kf7 40. Kc2
Nc6 41. Bxe5 Nxe5 42. Nd4 Nc4 43. Re6 Rd5 44. Rf6+ Ke7 45. Rh6 f4 46. Rxh7+ Kf8
47. g6 Ne3+ 48. Kd3 Ng4 49. Rxa7 1-0

[Event "FIDE World Rapid 2013"]
[Site "Khanty-Mansiysk RUS"]
[Date "2013.06.06"]
[Round "3.3"]
[White "Sargissian, Gabriel"]
[Black "Vallejo Pons, Francisco"]
[Result "0-1"]
[WhiteTitle "GM"]
[BlackTitle "GM"]
[WhiteElo "2671"]
[BlackElo "2706"]
[WhiteFideId "13300881"]
[BlackFideId "2205530"]
[EventDate "2013.06.06"]

1. d4 Nf6 2. c4 b6 3. Nf3 Bb7 4. g3 g6 5. Nc3 Bg7 6. d5 O-O 7. Bg2 Na6 8. O-O
Nc5 9. Re1 e6 10. e4 d6 11. Qc2 a5 12. Bg5 h6 13. Be3 Nfd7 14. Nd4 Ne5 15. Ncb5
Ng4 16. Bd2 Ne5 17. Rad1 h5 18. Bc1 Re8 19. h3 Ned7 20. Nc6 Bxc6 21. dxc6 Ne5
22. Nd4 Na6 23. a3 Nb8 24. Qa4 Nbxc6 25. Nxc6 Qd7 26. f4 Nxc6 27. e5 Nxe5 28.
Qxd7 Nxd7 29. Bxa8 Rxa8 30. b3 Nc5 31. Re3 f5 32. a4 Kf7 33. Kg2 Bf6 34. Kf3 g5
35. Ba3 Ne4 36. fxg5 Nxg5+ 37. Kg2 Rg8 38. Rf1 Ne4 39. Rf4 Ke7 40. Rexe4 fxe4
41. Rxe4 e5 42. g4 Ke6 43. Kf3 Bg5 44. Bb2 Bf4 45. Bc3 hxg4+ 46. hxg4 Rg6 47.
Be1 Rh6 48. b4 axb4 49. Bxb4 Rh3+ 50. Ke2 Rb3 51. Be1 Ra3 52. a5 bxa5 53. Kd1
Ra1+ 54. Kc2 c6 55. Bc3 Rc1+ 56. Kb2 Rg1 57. Bxa5 Rxg4 58. Kc2 Rg2+ 59. Kb3 d5
60. cxd5+ cxd5 61. Ra4 e4 62. Bb6 Be5 63. Ra6 Kf5 64. Kb4 d4 65. Kc4 Rc2+ 66.
Kd5 d3 0-1

[Event "FIDE World Rapid 2013"]
[Site "Khanty-Mansiysk RUS"]
[Date "2013.06.06"]
[Round "3.4"]
[White "Grischuk, Alexander"]
[Black "Salem, A.R. Saleh"]
[Result "1/2-1/2"]
[WhiteTitle "GM"]
[BlackTitle "GM"]
[WhiteElo "2779"]
[BlackElo "2531"]
[WhiteFideId "4126025"]
[BlackFideId "9301348"]
[EventDate "2013.06.06"]

1. d4 Nf6 2. Nf3 g6 3. g3 Bg7 4. Bg2 d5 5. c4 dxc4 6. Na3 c3 7. bxc3 c5 8. O-O
O-O 9. e3 Nc6 10. Qe2 Bf5 11. Bb2 e5 12. h3 Re8 13. Rfd1 e4 14. Nd2 cxd4 15.
cxd4 h5 16. Nac4 Qd7 17. Ne5 Qe6 18. Qc4 Nxe5 19. dxe5 Nd7 20. Qxe6 Rxe6 21.
Nxe4 Nxe5 22. Ng5 Re7 23. Ba3 Rd7 24. Rxd7 Bxd7 25. Rb1 Bc6 26. Bxc6 bxc6 27.
Rb7 Re8 28. Bb2 f6 29. Bxe5 Rxe5 30. Rb8+ Bf8 31. Nf3 Rb5 32. Ra8 Ra5 33. Nd4
Kf7 34. Nxc6 Rxa2 35. Nd8+ Ke7 36. Nc6+ Kf7 37. Rxa7+ Rxa7 38. Nxa7 Ke6 39. Nb5
Bc5 40. Kg2 Ke5 41. Nc3 Bb4 42. Ne2 Ke6 43. Nf4+ Kf7 44. Kf3 Bd6 45. Ke4 Bb8 46.
Kd5 Bc7 47. Kc6 Ba5 48. Kd7 Be1 49. Nd3 Bd2 50. e4 g5 51. g4 hxg4 52. hxg4 Bc3
53. f3 Bd4 54. Nb4 Bc5 55. Nc6 Bb6 56. Nd8+ Kf8 57. Nb7 Kf7 58. Nd6+ Kg6 59. Ke6
Bd4 60. Nf5 Bb2 61. Ke7 Ba3+ 62. Ke6 Bb2 63. Ne7+ Kg7 64. Nc6 Kg6 65. Nb4 Bc3
66. Nd3 Bd4 67. e5 Bc3 68. exf6 Bxf6 69. Ne5+ Kg7 70. Kf5 Bd8 71. Nc4 Be7 72.
Nd2 Bd8 73. Ne4 Kh6 74. Nc5 Bb6 75. Ne6 Be3 76. Kf6 Bd2 77. Kf7 Bc3 78. Nc5 Bd4
79. Ne4 Be5 80. Nf6 Bc3 81. Nd5 Ba1 82. Ne3 Bb2 83. Nf5+ Kh7 84. Ke6 Kg6 85.
Ne7+ Kg7 86. Kf5 Bc1 87. Nc6 Kh6 88. Kf6 Bb2+ 89. Ne5 Bc3 90. Kf5 Kg7 91. Nc4
Bf6 92. Ne5 Bd8 93. Nd7 Be7 94. Nb6 Bd8 95. Nd5 Kf7 96. Ne3 Kg7 97. Nc4 Be7 98.
Ne5 Bd8 99. Nd7 Be7 100. Nb8 Bd8 101. Na6 Bf6 102. Nc5 Be7 103. Ne4 Kh6 104. Ke6
Ba3 105. Kf6 Bb2+ 106. Kf7 Be5 107. Nc5 Bd4 108. Ne6 Bb2 109. Nc7 Be5 110. Nd5
Bd4 111. Nf6 Bb2 112. Ne4 Be5 113. Ke6 Bb2 114. Kf5 Bc1 115. Nf2 Be3 116. Nd3
Bd2 117. Ne5 Kg7 118. Nc4 Bf4 119. Ke4 1/2-1/2

[Event "FIDE World Rapid 2013"]
[Site "Khanty-Mansiysk RUS"]
[Date "2013.06.06"]
[Round "3.6"]
[White "Rublevsky, Sergei"]
[Black "Safarli, Eltaj"]
[Result "1/2-1/2"]
[WhiteTitle "GM"]
[BlackTitle "GM"]
[WhiteElo "2695"]
[BlackElo "2660"]
[WhiteFideId "4115309"]
[BlackFideId "13402129"]
[EventDate "2013.06.06"]

1. e4 c5 2. Nf3 d6 3. d4 cxd4 4. Nxd4 Nf6 5. Nc3 a6 6. Bc4 e6 7. Bb3 Nbd7 8. Bg5
Nc5 9. O-O Be7 10. Re1 O-O 11. f4 h6 12. Bh4 e5 13. fxe5 dxe5 14. Nf5 Bxf5 15.
exf5 e4 16. Qe2 Qd4+ 17. Kh1 Qe5 18. Bxf6 Bxf6 19. Nxe4 Nxe4 20. Qxe4 Qxe4 21.
Rxe4 Bxb2 22. Rb1 Rfe8 23. Bd5 Bc3 24. g4 Rxe4 25. Bxe4 Re8 26. Bxb7 a5 27. Rb3
Bf6 28. Bd5 h5 29. gxh5 Re1+ 30. Kg2 Re2+ 31. Kf3 Rxc2 32. Rb8+ Kh7 33. h6 Rxh2
34. hxg7 Kxg7 35. Rb7 Kh6 36. Rxf7 Kg5 37. Be6 Rh3+ 38. Ke4 a4 39. Rf8 Rh7 40.
Rg8+ Bg7 41. Kd5 Kf6 42. Ra8 Rh4 43. Ra7 Bh8 44. Bd7 Kg5 45. Ke6 Re4+ 46. Kf7
Rf4 47. Ra8 Bb2 48. Rg8+ Kh4 49. Rg6 Rd4 50. Be6 Rb4 51. f6 Rb7+ 52. Kg8 Kh5 53.
Bf7 Rb6 54. Kg7 Kh4 55. Rh6+ Kg5 56. Rh5+ Kg4 57. Rh6 Kg5 58. Rh5+ 1/2-1/2

[Event "FIDE World Rapid 2013"]
[Site "Khanty-Mansiysk RUS"]
[Date "2013.06.06"]
[Round "3.10"]
[White "Vasquez Schroeder, Rodrigo"]
[Black "Khairullin, Ildar"]
[Result "0-1"]
[WhiteTitle "GM"]
[BlackTitle "GM"]
[WhiteElo "2542"]
[BlackElo "2658"]
[WhiteFideId "3400042"]
[BlackFideId "4151348"]
[EventDate "2013.06.06"]

1. d4 d5 2. c4 c6 3. cxd5 cxd5 4. Nc3 Nc6 5. Bf4 e6 6. e3 Bd6 7. Bxd6 Qxd6 8. f4
Nge7 9. Nf3 O-O 10. Bd3 f6 11. O-O Bd7 12. Rc1 Be8 13. Nh4 Bf7 14. Bb1 e5 15.
fxe5 fxe5 16. Qg4 Qh6 17. Rce1 Be6 18. Nf5 Nxf5 19. Bxf5 Rxf5 20. Rxf5 Ne7 21.
Qg3 Bxf5 22. Qxe5 Qe6 23. Qc7 Qd7 24. Qe5 Be6 25. Rf1 Ng6 26. Qg3 Rf8 27. Rxf8+
Nxf8 28. Qb8 a6 29. a4 h6 30. h3 Bf7 31. a5 Qe7 32. Qf4 Nd7 33. Kh1 Nf6 34. Na4
Ne4 35. Nb6 Qd6 36. Qh4 Qf6 37. Qe1 Qf2 0-1

[Event "FIDE World Rapid 2013"]
[Site "Khanty-Mansiysk RUS"]
[Date "2013.06.06"]
[Round "3.12"]
[White "Mamedov, Rauf"]
[Black "Guseinov, Gadir"]
[Result "1/2-1/2"]
[WhiteTitle "GM"]
[BlackTitle "GM"]
[WhiteElo "2637"]
[BlackElo "2631"]
[WhiteFideId "13401653"]
[BlackFideId "13401378"]
[EventDate "2013.06.06"]

1. d4 Nf6 2. c4 g6 3. Nc3 Bg7 4. e4 d6 5. Nf3 O-O 6. Be2 e5 7. O-O exd4 8. Nxd4
Re8 9. f3 Nc6 10. Nc2 Nh5 11. g4 Be5 12. gxh5 Bxh2+ 13. Kxh2 Qh4+ 14. Kg1 Qg3+
15. Kh1 Qh3+ 1/2-1/2

[Event "FIDE World Rapid 2013"]
[Site "Khanty-Mansiysk RUS"]
[Date "2013.06.06"]
[Round "3.13"]
[White "Akopian, Vladimir"]
[Black "Smirin, Ilia"]
[Result "1-0"]
[WhiteTitle "GM"]
[BlackTitle "GM"]
[WhiteElo "2691"]
[BlackElo "2663"]
[WhiteFideId "13300032"]
[BlackFideId "2801990"]
[EventDate "2013.06.06"]

1. e4 c5 2. Nf3 e6 3. d4 cxd4 4. Nxd4 a6 5. Bd3 Bc5 6. Nb3 Ba7 7. O-O Nc6 8. Qe2
Nge7 9. Be3 e5 10. c4 d6 11. Nc3 Nd4 12. Bxd4 exd4 13. Nd5 O-O 14. Rad1 Nxd5 15.
exd5 Re8 16. Qd2 Qh4 17. Rde1 Bd7 18. Qb4 b5 19. cxb5 axb5 20. Rxe8+ Bxe8 21.
Bxb5 Rb8 22. a4 Bxb5 23. axb5 g6 24. Ra1 Qe7 25. Nxd4 Bc5 26. Qd2 Qe4 27. Nc6
Rxb5 28. Qc3 Ba7 29. Re1 1-0

[Event "FIDE World Rapid 2013"]
[Site "Khanty-Mansiysk RUS"]
[Date "2013.06.06"]
[Round "3.14"]
[White "Kobalia, Mikhail"]
[Black "Jakovenko, Dmitry"]
[Result "1/2-1/2"]
[WhiteTitle "GM"]
[BlackTitle "GM"]
[WhiteElo "2651"]
[BlackElo "2713"]
[WhiteFideId "4119150"]
[BlackFideId "4122356"]
[EventDate "2013.06.06"]

1. e4 e5 2. Nf3 Nc6 3. Bb5 a6 4. Ba4 Nf6 5. O-O Be7 6. d3 b5 7. Bb3 O-O 8. a4 b4
9. Nbd2 Bc5 10. a5 d6 11. h3 h6 12. Nc4 Be6 13. c3 bxc3 14. bxc3 Rb8 15. Ba4
Bxc4 16. Bxc6 Bb5 17. Bxb5 Rxb5 18. d4 exd4 19. cxd4 Bb4 20. Bd2 c5 21. e5 dxe5
22. dxe5 Ne4 23. Be3 Qxd1 24. Rfxd1 Bxa5 25. Rdc1 Rfb8 26. Kh2 Bc3 27. Rxa6 Re8
28. Rc6 Bxe5+ 29. Nxe5 Rxe5 30. f3 Ng5 31. R6xc5 Nxf3+ 32. gxf3 Rb2+ 33. R5c2
Rxc2+ 34. Rxc2 Rxe3 35. Kg3 Kh7 36. h4 Kg6 37. Rc5 Kf6 38. Rc7 Re7 39. Rc5 Re5
40. Rc7 Kg6 41. Kg4 Kf6 42. Rc6+ Re6 43. Rc7 g6 44. Ra7 Rd6 45. Rb7 Ke6 46. Ra7
f6 47. Kg3 Rd5 48. Kf4 Rd4+ 49. Kg3 h5 50. Ra6+ Ke5 51. Ra5+ Rd5 52. Ra4 Kf5 53.
Rf4+ Ke6 54. Ra4 g5 55. Rb4 Kf5 56. Ra4 gxh4+ 57. Rxh4 Kg5 58. Ra4 Rd3 59. Ra8
h4+ 60. Kg2 f5 61. Ra4 Rd2+ 62. Kh3 Rf2 63. Rxh4 Rxf3+ 64. Kg2 Kxh4 65. Kxf3 Kg5 1/2-1/2

[Event "FIDE World Rapid 2013"]
[Site "Khanty-Mansiysk RUS"]
[Date "2013.06.06"]
[Round "3.15"]
[White "Grachev, Boris"]
[Black "Kurnosov, Igor"]
[Result "1/2-1/2"]
[WhiteTitle "GM"]
[BlackTitle "GM"]
[WhiteElo "2683"]
[BlackElo "2657"]
[WhiteFideId "4129199"]
[BlackFideId "4142527"]
[EventDate "2013.06.06"]

1. Nf3 Nf6 2. d4 g6 3. Bf4 Bg7 4. e3 d6 5. h3 O-O 6. Be2 b6 7. O-O Bb7 8. a4 a5
9. c3 Nbd7 10. Bh2 e6 11. Na3 Qe7 12. Nb5 Rfc8 13. Nd2 e5 14. Re1 h5 15. Bf3 e4
16. Be2 Nd5 17. Bc4 f5 18. b4 Kh7 19. Qb3 N7f6 20. Bf1 Bc6 21. bxa5 bxa5 22.
Rab1 Bd7 23. Qa3 Be6 24. Rec1 Ne8 25. c4 Nb4 26. Nb3 c6 27. Nxa5 Nd3 28. Nxc6
Rxc6 29. Bxd3 exd3 30. d5 d2 31. Rd1 Rxc4 32. dxe6 Rcxa4 33. Qd3 Qxe6 34. Qxd2
Ra2 35. Qd3 Be5 36. Nd4 Qf7 37. Nf3 Bxh2+ 38. Kxh2 Kh6 39. Rd2 Rxd2 40. Qxd2 Ra2
41. Qc3 Nf6 42. Rb6 Ne4 43. Qh8+ Qh7 44. Qc8 Ra7 45. Nd4 Qe7 46. f4 Nf6 47. Qb8
Ng4+ 48. hxg4 Qh4+ 49. Kg1 Qe1+ 50. Kh2 Qh4+ 1/2-1/2

[Event "FIDE World Rapid 2013"]
[Site "Khanty-Mansiysk RUS"]
[Date "2013.06.06"]
[Round "3.16"]
[White "Movsesian, Sergei"]
[Black "Lagno, Kateryna"]
[Result "1/2-1/2"]
[WhiteTitle "GM"]
[BlackTitle "GM"]
[WhiteElo "2699"]
[BlackElo "2542"]
[WhiteFideId "310204"]
[BlackFideId "14109336"]
[EventDate "2013.06.06"]

1. c4 g6 2. e4 e5 3. Nf3 Bg7 4. d4 exd4 5. Nxd4 Nf6 6. Nc3 O-O 7. Be2 Re8 8. f3
c6 9. Nb3 d5 10. cxd5 cxd5 11. exd5 Qb6 12. Bg5 a5 13. a4 Na6 14. Bh4 Ng4 15.
fxg4 Bxg4 16. Kf1 Rxe2 17. Nxe2 Re8 18. Bf2 Qb4 19. Nbd4 Qxb2 20. Rb1 Qa2 21.
Nf3 Rxe2 22. Qxe2 Qxb1+ 23. Be1 Nc5 24. h3 Bxf3 25. gxf3 Nd3 26. d6 Bf6 27. Qe4
Qd1 28. Kg2 Qc2+ 29. Kf1 Qd1 30. Kg2 Qc2+ 31. Kf1 Qd1 1/2-1/2

[Event "FIDE World Rapid 2013"]
[Site "Khanty-Mansiysk RUS"]
[Date "2013.06.06"]
[Round "3.17"]
[White "Dubov, Daniil"]
[Black "Zvjaginsev, Vadim"]
[Result "0-1"]
[WhiteTitle "GM"]
[BlackTitle "GM"]
[WhiteElo "2638"]
[BlackElo "2659"]
[WhiteFideId "24126055"]
[BlackFideId "4113403"]
[EventDate "2013.06.06"]

1. Nf3 c5 2. c4 g6 3. g3 Bg7 4. Bg2 Nc6 5. Nc3 e6 6. d3 Nge7 7. h4 h6 8. Bd2 d5
9. O-O O-O 10. Na4 b6 11. a3 Bb7 12. Rb1 dxc4 13. dxc4 Qd7 14. b4 cxb4 15. axb4
Rad8 16. Rb3 Nd4 17. Nxd4 Bxg2 18. Kxg2 Qxd4 19. Rd3 Qxc4 20. Be1 Rxd3 21. exd3
Qd5+ 22. Kg1 Rc8 23. Qb1 Nf5 0-1

[Event "FIDE World Rapid 2013"]
[Site "Khanty-Mansiysk RUS"]
[Date "2013.06.06"]
[Round "3.18"]
[White "Rakhmanov, Aleksandr"]
[Black "Frolyanov, Dmitry"]
[Result "1-0"]
[WhiteTitle "GM"]
[BlackTitle "GM"]
[WhiteElo "2602"]
[BlackElo "2570"]
[WhiteFideId "4173708"]
[BlackFideId "4151976"]
[EventDate "2013.06.06"]

1. c4 e6 2. e4 d5 3. exd5 exd5 4. d4 Nf6 5. Nc3 Be7 6. Bd3 O-O 7. Nge2 Nc6 8. a3
dxc4 9. Bxc4 Bf5 10. O-O Qd7 11. Ba2 Rad8 12. d5 Ne5 13. Ng3 Bc5 14. Bg5 Bg4 15.
Qd2 Ng6 16. Bxf6 gxf6 17. Nce4 Be7 18. Qc3 f5 19. Nc5 Bxc5 20. Qxc5 f4 21. Ne4
f5 22. Ng5 Qd6 23. Qxd6 Rxd6 24. f3 Bh5 25. Rac1 Ne5 26. Ne6 Rf7 27. Nxf4 Bg6
28. Rfe1 Nd7 29. Rxc7 Nb6 30. Ree7 1-0

[Event "FIDE World Rapid 2013"]
[Site "Khanty-Mansiysk RUS"]
[Date "2013.06.06"]
[Round "3.19"]
[White "Georgiev, Kiril"]
[Black "Gordievsky, Dmitry"]
[Result "1/2-1/2"]
[WhiteTitle "GM"]
[BlackTitle "FM"]
[WhiteElo "2636"]
[BlackElo "2474"]
[WhiteFideId "2900017"]
[BlackFideId "24112798"]
[EventDate "2013.06.06"]

1. d4 e6 2. c4 b6 3. Nc3 Bb7 4. a3 f5 5. d5 Nf6 6. g3 Na6 7. Bg2 Bd6 8. Nh3 O-O
9. O-O Nc5 10. Qc2 Be5 11. Rd1 Qe7 12. Bf4 Bxc3 13. Qxc3 Nce4 14. Qe5 d6 15.
Qxe6+ Qxe6 16. dxe6 Rfe8 17. Be3 Rxe6 18. Nf4 Re7 19. Bd4 Nd7 20. Rac1 a5 21.
Nd5 Bxd5 22. cxd5 Ra7 23. b4 axb4 24. axb4 Nef6 25. e3 Ne5 26. Ra1 Rxa1 27. Rxa1
Kf7 28. Ra3 Nc4 29. Rc3 Ne5 30. f4 Neg4 31. h3 Nh6 32. Bf3 Ne4 33. Bxe4 fxe4 34.
g4 Ng8 35. Rc4 b5 36. Rc1 Rd7 37. Ra1 Ne7 38. Ra5 Nxd5 39. Rxb5 Ne7 40. Rb7 g6
41. b5 Ke6 42. Kf2 c6 43. bxc6 Nxc6 44. f5+ gxf5 45. gxf5+ Ke7 46. Bf6+ Ke8 47.
Rxd7 Kxd7 48. Kg3 Nb4 49. Bc3 Nd5 50. Bd4 Ke7 51. Kg4 Kf7 52. Kg5 Ke7 53. h4 Kf7
54. f6 Ke6 55. h5 Nc7 56. Kh6 Kf7 57. Kxh7 Ne6 58. Bb2 Ng5+ 59. Kh6 Nf3 60. Bc3
d5 61. Bb2 d4 62. exd4 Kxf6 63. d5+ Kf7 64. d6 e3 65. Bc3 e2 66. d7 Ke7 67. Kg7
Nd4 68. Kg6 Kxd7 69. h6 Ne6 70. Bb4 Kc6 71. Kf6 Nf8 72. Kf7 Nh7 73. Bd2 Kd5 74.
Kg6 Nf8+ 75. Kf7 Nh7 76. Kg6 Nf8+ 77. Kf5 Nh7 78. Bb4 Kc4 79. Ba5 Kd5 80. Be1
Nf8 81. Bh4 Nh7 82. Kg6 Nf8+ 83. Kf6 Nh7+ 84. Kf5 Nf8 85. Bf2 Nh7 86. Kg6 Nf8+
87. Kf7 Nh7 88. Kg7 Ng5 89. Bh4 Ke4 90. Kg6 Ne6 91. Be1 Kd3 92. Kf6 Nf8 93. Ke5 1/2-1/2

[Event "FIDE World Rapid 2013"]
[Site "Khanty-Mansiysk RUS"]
[Date "2013.06.06"]
[Round "3.20"]
[White "Pridorozhni, Aleksei"]
[Black "Moiseenko, Alexander"]
[Result "1/2-1/2"]
[WhiteTitle "GM"]
[BlackTitle "GM"]
[WhiteElo "2512"]
[BlackElo "2711"]
[WhiteFideId "4127870"]
[BlackFideId "14102560"]
[EventDate "2013.06.06"]

1. e4 c5 2. Nf3 Nc6 3. Bb5 e6 4. Bxc6 bxc6 5. d3 Ne7 6. Qe2 d5 7. O-O Ng6 8. Nc3
Be7 9. Na4 O-O 10. c4 f6 11. b3 e5 12. Ne1 f5 13. Nc2 fxe4 14. dxe4 dxe4 15. Rd1
Qe8 16. Qxe4 Bf5 17. Qe2 Nh4 18. Ne1 Qg6 19. f3 e4 20. Be3 exf3 21. Nxf3 Nxf3+
22. Qxf3 Bg4 23. Qg3 Bxd1 24. Qxg6 hxg6 25. Rxd1 Rad8 26. Re1 Rf5 27. g3 Re5 28.
Kf1 Rf8+ 29. Bf4 Rxe1+ 30. Kxe1 g5 31. Be3 Kf7 32. Nxc5 Bxc5 33. Bxc5 Re8+ 34.
Kd2 a6 35. a4 Rh8 36. Bg1 Ke6 37. b4 Rd8+ 38. Kc3 Rd1 39. Be3 g4 40. b5 cxb5 41.
cxb5 axb5 42. axb5 Kd5 43. b6 Kc6 44. Kc2 Rd5 45. Kc3 g6 46. Kc2 Rh5 47. Bg1 Rd5
48. Be3 Rd7 49. Bg1 Kb5 50. Be3 Kc4 51. Bf4 Kb5 52. Bc7 Kc6 53. Kc3 Rh7 54. Kd4
Rxh2 55. Ke4 Rf2 56. Ke5 Rf5+ 57. Ke6 Rf3 58. Ke7 Rf1 59. Ke6 Rf2 60. Ke7 Rf5
61. Ke6 Rb5 62. Kf6 g5 63. Kg6 Kd7 64. Kf6 Kc6 65. Kg6 Kd7 66. Kf6 Kc6 1/2-1/2

[Event "FIDE World Rapid 2013"]
[Site "Khanty-Mansiysk RUS"]
[Date "2013.06.06"]
[Round "3.22"]
[White "Potapov, Pavel"]
[Black "Ponkratov, Pavel"]
[Result "1-0"]
[WhiteTitle "IM"]
[BlackTitle "GM"]
[WhiteElo "2460"]
[BlackElo "2605"]
[WhiteFideId "4169786"]
[BlackFideId "4157800"]
[EventDate "2013.06.06"]

1. e4 e5 2. Nf3 Nc6 3. Nc3 Nf6 4. d4 exd4 5. Nxd4 Bc5 6. Be3 Bb4 7. Nxc6 bxc6 8.
Qd4 Qe7 9. O-O-O O-O 10. Bg5 Re8 11. Bxf6 gxf6 12. Bc4 Rb8 13. h4 Qe5 14. f3
Qxd4 15. Rxd4 Bc5 16. Rdd1 d6 17. g4 Be6 18. Bb3 h5 19. g5 Kg7 20. Kd2 f5 21.
Rh2 d5 22. exd5 cxd5 23. Re2 c6 24. Kc1 Rb4 25. Rh1 Bd6 26. a3 Rf4 27. Rh3 Rd4
28. Kb1 Bd7 29. Rxe8 Bxe8 30. Rh1 Bd7 31. Ne2 Rd2 32. Re1 Bc5 33. Nf4 Rd4 34.
Nxh5+ Kg6 35. Nf6 Be6 36. Rh1 Be7 37. Ne8 Bf8 38. Nf6 Bg7 39. Ne8 Be5 40. h5+
Kxg5 41. h6 Kg6 42. h7 Bh8 43. c3 Rd3 44. Rh3 Re3 45. Kc1 d4 46. Bxe6 dxc3 47.
Rg3+ Kh6 48. Rh3+ Kg5 49. f4+ Kxf4 50. Rxe3 Kxe3 51. Bxf5 cxb2+ 52. Kb1 Kf4 53.
Nd6 Bg7 54. Bc2 1-0

[Event "FIDE World Rapid 2013"]
[Site "Khanty-Mansiysk RUS"]
[Date "2013.06.06"]
[Round "3.23"]
[White "Nguyen, Ngoc Truong Son"]
[Black "Artemiev, Vladislav"]
[Result "0-1"]
[WhiteTitle "GM"]
[BlackTitle "IM"]
[WhiteElo "2625"]
[BlackElo "2524"]
[WhiteFideId "12401110"]
[BlackFideId "24101605"]
[EventDate "2013.06.06"]

1. d4 Nf6 2. c4 c6 3. Nc3 d5 4. cxd5 cxd5 5. Bf4 Nc6 6. e3 a6 7. Bd3 Bg4 8. Nge2
e6 9. O-O Be7 10. Rc1 O-O 11. f3 Bh5 12. Bg3 Bg6 13. Nf4 Nd7 14. Nxg6 hxg6 15.
Na4 Rc8 16. a3 Na5 17. Rxc8 Qxc8 18. Qe2 b5 19. Nc3 Nb6 20. e4 Nb3 21. Bf2 dxe4
22. fxe4 Rd8 23. d5 Bc5 24. Qd1 Bxf2+ 25. Rxf2 Nc5 26. Be2 Nba4 27. Nxa4 Nxa4
28. Bf3 Qc5 29. Qc2 Qd4 30. Qd2 Qe5 31. g3 Nc5 32. Re2 Nb3 33. Qf4 Nd4 34. Rf2
Qxf4 35. gxf4 exd5 36. exd5 Nxf3+ 37. Rxf3 Rxd5 38. Rf2 g5 39. fxg5 Rxg5+ 40.
Kf1 Re5 41. Rc2 Re6 42. Kf2 g6 43. Kg3 Kg7 44. h4 Kh6 45. Rc7 f5 46. Ra7 Re3+
47. Kf2 Rh3 48. Rxa6 Rxh4 49. Kg3 Rd4 50. b4 Kg5 51. Kf3 Rd3+ 52. Ke2 Rh3 53. a4
bxa4 54. Rxa4 Rh4 55. Kd3 Re4 56. Kc3 f4 57. Ra1 f3 58. b5 Re6 59. Rb1 Rb6 60.
Kd2 Kf4 61. Ke1 Kg3 62. Kf1 g5 63. Kg1 g4 64. Rb2 Re6 65. Rb1 Re2 66. b6 Rg2+ 0-1

[Event "FIDE World Rapid 2013"]
[Site "Khanty-Mansiysk RUS"]
[Date "2013.06.06"]
[Round "3.24"]
[White "Riazantsev, Alexander"]
[Black "Bezgodov, Alexei"]
[Result "1/2-1/2"]
[WhiteTitle "GM"]
[BlackTitle "GM"]
[WhiteElo "2708"]
[BlackElo "2482"]
[WhiteFideId "4125029"]
[BlackFideId "4105257"]
[EventDate "2013.06.06"]

1. d4 d5 2. c4 Bf5 3. Nc3 e6 4. cxd5 exd5 5. Qb3 Nc6 6. Nf3 Nb4 7. e4 Be6 8.
exd5 Bxd5 9. Nxd5 Qxd5 10. Bc4 Qe4+ 11. Be3 Nc2+ 12. Ke2 O-O-O 13. Bd3 Nxa1 14.
Qa4 Qe6 15. Qxa7 Bd6 16. Rxa1 Ne7 17. Kf1 Nc6 18. Qa8+ Kd7 19. Qxb7 Rb8 20. Qa6
Ra8 21. Qc4 Qxc4 22. Bxc4 Rhb8 23. b3 Na5 24. Bxf7 Nxb3 25. Rb1 Na5 26. Rc1 Rb2
27. Ne5+ Ke7 28. Bg5+ Kf8 29. Bd5 c6 30. Nxc6 Rb5 31. Nxa5 Rxd5 32. Nc4 Rxg5 33.
Nxd6 Rd5 34. Ne4 Rxd4 35. Ng5 Rd5 36. h4 h6 37. Ne6+ Kf7 38. Nf4 Rf5 1/2-1/2

[Event "FIDE World Rapid 2013"]
[Site "Khanty-Mansiysk RUS"]
[Date "2013.06.06"]
[Round "3.25"]
[White "Pasiev, Rakhim"]
[Black "Ghaem Maghami, Ehsan"]
[Result "1/2-1/2"]
[WhiteTitle "IM"]
[BlackTitle "GM"]
[WhiteElo "2384"]
[BlackElo "2554"]
[WhiteFideId "24122475"]
[BlackFideId "12500739"]
[EventDate "2013.06.06"]

1. e4 c5 2. Nf3 e6 3. d4 cxd4 4. Nxd4 a6 5. Bd3 Nf6 6. O-O Qc7 7. Nc3 Bd6 8. Kh1
Nc6 9. Nde2 Be7 10. f4 d6 11. Qe1 b5 12. a3 Bb7 13. Be3 O-O 14. Qg3 b4 15. axb4
Nxb4 16. Bd4 Rac8 17. Ng1 Nh5 18. Qg4 e5 19. fxe5 dxe5 20. Be3 Nf6 21. Qg3 Qd6
22. Rf5 Nxd3 23. cxd3 Nd7 24. Nf3 Rfd8 25. Nxe5 Nxe5 26. Rxe5 f6 27. Rf5 Qxg3
28. hxg3 Rxd3 29. Bf4 g5 30. Bc1 Rxg3 31. Nd5 Bxd5 32. Rxd5 Bb4 33. Bd2 Bxd2 34.
Rxd2 Rc6 35. Rd7 Rb3 36. Rad1 Rcb6 37. Re7 Rb8 38. Rdd7 Rxb2 39. Rg7+ Kf8 40.
Rxh7 Kg8 41. Rdg7+ Kf8 42. Rg6 R2b6 43. Rgg7 1/2-1/2

[Event "FIDE World Rapid 2013"]
[Site "Khanty-Mansiysk RUS"]
[Date "2013.06.06"]
[Round "3.26"]
[White "Byambaa, Zulzaga"]
[Black "Skatchkov, Pavel"]
[Result "1/2-1/2"]
[WhiteTitle "FM"]
[BlackTitle "GM"]
[WhiteElo "2285"]
[BlackElo "2486"]
[WhiteFideId "4900642"]
[BlackFideId "4121848"]
[EventDate "2013.06.06"]

1. e4 e5 2. Nf3 d5 3. d3 dxe4 4. dxe4 Qxd1+ 5. Kxd1 Nc6 6. h3 Nf6 7. Bd3 Be6 8.
a3 O-O-O 9. Ke2 h6 10. Be3 Nd4+ 11. Nxd4 exd4 12. Bf4 g5 13. Be5 Bg7 14. Nd2
Rhe8 15. Bxf6 Bxf6 16. Rae1 a6 17. Kd1 b5 18. Nb3 Be7 19. Be2 c5 20. Bg4 c4 21.
Bxe6+ fxe6 22. Nc1 Rf8 23. f3 Kc7 24. Re2 Kb6 25. Rhe1 a5 26. e5 c3 27. b4 axb4
28. axb4 Bxb4 29. Re4 Bc5 30. Ke2 Ra8 31. Nb3 d3+ 32. Kxd3 Rfd8+ 33. Kxc3 Ba3
34. Rd4 Rac8+ 35. Kd3 Bb4 36. Re2 Rc3+ 37. Ke4 Rf8 38. Rd3 Rf4+ 39. Ke3 Rfc4 40.
Rxc3 Bxc3 41. Kd3 Bb4 42. Nd4 Kc5 43. Nb3+ Kd5 44. Ke3 Kxe5 45. g3 Kd5 46. Kf2
e5 47. Kf1 Bc3 48. Re3 b4 49. Ke2 Rc8 50. Rd3+ Bd4 51. Kd1 Rc7 52. Nd2 Ra7 53.
Nb3 Ra8 54. Kc1 Kc4 55. Nd2+ Kd5 56. Nb3 h5 57. Kd1 Kc4 58. Nd2+ Kd5 59. Nb3 Ra7
60. Kc1 Rf7 61. Kd1 h4 62. g4 Ra7 63. Kc1 Rc7 64. Kd1 Rc3 65. Kc1 Kc4 66. Nd2+
Kb5 67. Rxc3 bxc3 68. Ne4 Kc4 69. Kd1 Be3 70. Ke2 Bf4 71. Nd6+ Kd4 72. Ne4 Kc4
73. Ke1 Kd4 74. Ke2 Kc4 75. Nd6+ Kd4 76. Nf5+ Kc4 77. Kd1 Kd5 78. Ne7+ Kd4 79.
Nf5+ Kd5 80. Ne7+ Kd4 81. Nf5+ Kd5 82. Ne7+ 1/2-1/2